Normal view
MARC view
- ELECTRIC CURRENT CONVENTERS, ELECTRONIC APPARATUS AND APPLIANCES - POWER SUPPLY
Entry Topical Term
001 - CONTROL NUMBER
- control field: 61450
003 - CONTROL NUMBER IDENTIFIER
- control field: NUST
005 - DATE AND TIME OF LATEST TRANSACTION
- control field: 20210628202744.0
008 - FIXED-LENGTH DATA ELEMENTS
- fixed length control field: 210628|| aca||aabn | a|a d
040 ## - CATALOGING SOURCE
- Original cataloging agency: NUST
- Transcribing agency: NUST
150 ## - HEADING--TOPICAL TERM
- Topical term or geographic name entry element: ELECTRIC CURRENT CONVENTERS, ELECTRONIC APPARATUS AND APPLIANCES - POWER SUPPLY
670 ## - SOURCE DATA FOUND
- Source citation: Work cat.: (NUST): Maniktala, Sanjaya 61449, Switching power supplies a to z, 2006
